On every street (CD áudio) (Registo nº 202431)

Detalhes MARC
000 -Etiqueta do registo
Valores 00348nam 22001453 4500
100 ## - Dados gerais de processamento
Dados gerais 20260603d u||y0pory50 ba
200 ## - Titulo e menção de responsabilidade
Título próprio On every street (CD áudio)
Primeira menção de responsabilidade Dire straits
215 ## - Descrição física 
Dimensões 1 cd áudio
606 ## - Nome comum usado como assunto
ID Autoridade 1103
Palavra de ordem Música
675 ## - CDU
Notação 78
710 ## - Autor principal (colectividade)
ID Autoridade 17446
Nome da entidade DIRE STRAITS
801 ## - Fonte de origem
País PT
Agência BMMN
Regras de catalogação RPC
990 ## - Elementos KOHA
Tipo de documento CD Música
Exemplares
Aquisição Código de barras Cota Permissão de empréstimo Tipo de documento Empréstimo Forma de aquisição
Biblioteca Municipal de Montemor-o-Novo 31920 78 DIR (est)|DEP   CD Música Biblioteca Municipal de Montemor-o-Novo Compra

Powered by Koha